000 00994nam a22003257a 4500
001 BR0501502
003 BR-BrBNA
005 20230928101853.0
007 ta
008 230509b bl.||||| |||| 00| 0 por d
040 _aBR-BrBNA
_bpor
_cBiblioteca Nacional de Agricultura
041 _a(Por)
072 _aK10; U10
_b3140
090 _ 3140 BR0501502
100 1 _aFerreira, M.Z.
110 1 _aUniversidade Federal de Lavras, MG (Brasil)
_0Tese (Mestrado)
245 1 _aEstudo de funções de afilamento para representar o perfil e o volume do fuste de Pinus taeda L.
260 3 _aLavras, MG (Brasil):
_c2004.
300 _a196 p.
500 _aSummaries (Eng, Por); Several bibliographies; 49 tables; 26 illus.
650 _aPINHEIRO
650 _aÁRVORE FLORESTAL
650 _aINDÚSTRIA FLORESTAL
650 _aESTRUTURA VEGETAL
650 _aVOLUME
650 _aDIAMETRO
650 _aMÉTODO ESTATÍSTICO
909 _a202309
_bLucia
_c55
_dLucia Elande
942 _cBK
999 _c67985
_d67985